Študijný program Vysokej školy ekonomickej na školský rok 1965/1966

Salvato in:
Dettagli Bibliografici
Ente Autore: Vysoká škola ekonomická v Bratislave
Natura: Libro
Lingua:slovacco
Pubblicazione: Bratislava Vydavateľstvo politickej literatúry [1965]
Soggetti:
Tags: Aggiungi Tag
Nessun Tag, puoi essere il primo ad aggiungerne!!

MARC

LEADER 00000nam a2200000 4500
001 c128542
005 20260129104505.5
041 0 |a slo 
044 |a SK 
245 1 0 |a Študijný program Vysokej školy ekonomickej  |b na školský rok 1965/1966  |c [Zostav. Ján Báhidský] 
264 1 |a Bratislava  |b Vydavateľstvo politickej literatúry  |c [1965] 
300 |a 220 s. 
610 2 0 |a školy vysoké 
610 2 0 |a štúdium vysokoškolské 
610 2 0 |a vzdelanie vysokoškolské 
610 2 0 |a Vysoká škola ekonomická v Bratislave 
610 2 0 |a programy študijné 
710 2 |a Vysoká škola ekonomická v Bratislave